| 000 | 00611nam a2200193 4500 | ||
|---|---|---|---|
| 999 |
_c170860 _d170860 |
||
| 005 | 20191227150544.0 | ||
| 010 | _aENG-127262 | ||
| 020 |
_a9788173719561 _c625.00 |
||
| 035 | _aEN-110794 | ||
| 037 | _bDBAD/PUB | ||
| 082 | _a530.141 | ||
| 100 | _aBasu, B N | ||
| 245 |
_aEngineering electromagnetics essentials / _cby B N Basu |
||
| 260 |
_aTelangana _bUniversities Press _c2015 |
||
| 270 |
_a3-6-747/1/A & 3-6-754/1, Himayatnagar _bHimayatnagar _e500029 |
||
| 300 |
_axxix;657p. _c23cm(pbk) |
||
| 500 | _aIncludes bibliographical references and index | ||
| 942 |
_2ddc _cEN _h530.141 _mBAS |
||